| 000 | 00785 a2200217 4500 | ||
|---|---|---|---|
| 003 | Nust | ||
| 005 | 20221013133431.0 | ||
| 010 | _a 2002066697 | ||
| 020 | _a1405105887 (alk. paper) | ||
| 040 | _cNust | ||
| 082 | 0 | 0 | _a552.1,BES |
| 100 | 1 |
_aBest, Myron G. _92336 |
|
| 245 | 1 | 0 |
_aIgneous and metamorphic petrology / _cMyron G. Best. |
| 250 | _a2nd ed. | ||
| 260 |
_aMalden, MA : _bBlackwell Publishers, _c2003. |
||
| 300 |
_axxi, 630 p. : _bill., maps ; _c28 cm. |
||
| 505 | _aPart-1: Magmatic Rock Bodies (Page-33), Part-2: Magmatic Systems (Page-223), Part-3: Metamorphic and Systems (Page-341), Part-4: The Early History of the Earth and other Planetary Bodies (Page-529). | ||
| 650 | 0 |
_aRocks, Igneous. _9100183 |
|
| 650 | 0 |
_aRocks, Metamorphic. _9100184 |
|
| 942 |
_2ddc _cBK |
||
| 999 |
_c182611 _d182611 |
||